000 00607nam a2200205Ia 4500
003 GCL
008 140319s9999 xx 000 0 ara d
040 _aGCL /
_cGCL
082 0 4 _a811.9962
_bع ص
100 1 _aعبدالحميد القط
245 1 0 _aصور من النقد الحديث قبل 1952 /
_cعبدالحميد القط
700 1 _aعبدالحميد القتازانى
300 _a273 ص
490 _a
650 0 4 _aالادب العربى
650 0 4 _aالعصر الحديث
650 0 4 _aمصر
650 0 4 _aالشعر العربى - تاريخ ونقد
942 _2ddc
_cBK
999 _c39571
_d39571